¿Cuánto vivieron los nacidos a fines del siglo XIX y cuánto vivirán los nacidos a fines del siglo XX? (Registro nro. 33357)
[ vista simple ]
| 000 -LEADER | |
|---|---|
| fixed length control field | 00399 a2200109 4500 |
| 001 - CONTROL NUMBER | |
| control field | ART_41851 |
| 005 - DATE AND TIME OF LATEST TRANSACTION | |
| control field | 20260410162024.0 |
| 008 - FIXED-LENGTH DATA ELEMENTS--GENERAL INFORMATION | |
| fixed length control field | 260409a |
| 100 1# - MAIN ENTRY--PERSONAL NAME | |
| Personal name | Sacco, Nicolás |
| 245 10 - TITLE STATEMENT | |
| Title | ¿Cuánto vivieron los nacidos a fines del siglo XIX y cuánto vivirán los nacidos a fines del siglo XX? |
| 773 0# - HOST ITEM ENTRY | |
| Title | Notas de población |
| Related parts | - Año XLIII, Nº 103 (jul./dic. 2016) |
| Record control number | REV41841 |
No hay ítems disponibles.